| 000 | 00499cam a22001457a 4500 | ||
|---|---|---|---|
| 008 | 180718b1971 xxu||||| |||| 00| 0 eng d | ||
| 082 | _aL211x54 In2/1971 | ||
| 100 | _aIndia. Direct Taxes Enquiry Committee | ||
| 245 |
_aDirect Taxes Enquiry Committee: final report, December 1971 _cby Ministry of Finance |
||
| 260 |
_aDelhi _bThe Manager of Publications _c1971 |
||
| 300 | _a315+p. | ||
| 500 | _aChairman: K.N. Wanchoo | ||
| 700 | _aIndia. Ministry of Finance | ||
| 700 | _aWanchoo, K.N. (Chairman) | ||
| 999 |
_c489366 _d489366 |
||